000
00372nam a2200145Ia 4500
008
231129s1999||||xx |||||||||||||| ||spa||
020
_a
958-04-4523-0
040
_b
spa
082
_a
(i) Cu863.44 P116m
100
_a
Pacheco Sindo
245
0
_a
María Virginia mi amor
260
_c
1999
264
_a
Norma
942
_2
ddc
_c
BKS
999
_c
20662
_d
20662